A near-miss mission (Record no. 77094)

MARC details
000 -LEADER
fixed length control field 00965cab a2200181 4500
001 - CONTROL NUMBER
control field ##L133587
008 - FIXED-LENGTH DATA ELEMENTS--GENERAL INFORMATION
fixed length control field 060522n2006 000 0 eng u
035 ## - SYSTEM CONTROL NUMBER
System control number (Sirsi) u133587
041 0# - LANGUAGE CODE
Language code of text/sound track or separate title eng
100 1# - MAIN ENTRY--PERSONAL NAME
Personal name McCormick, Helen
245 02 - TITLE STATEMENT
Title A near-miss mission
260 ## - PUBLICATION, DISTRIBUTION, ETC.
Date of publication, distribution, etc. 2006
490 #0 - SERIES STATEMENT
Series statement Contract Journal
Volume/sequential designation 433(6575) 17 May 2006, 51(1)
520 ## - SUMMARY, ETC.
Summary, etc. Looks at the near-miss accident reporting scheme operated by Morrison. Based on the Bird Triangle, a ratio used by the HSE to predict accident rates, all Morrison's staff have been issued with near-miss cards, which allow them to report trips, falls and spillages, lifting and carrying, and other incidents. After trend analysis, storyboards illustrating a number of near-miss scenarios have been issued to staff in an effort to raise their awareness levels.
590 ## - LOCAL NOTE (RLIN)
Local note IKA230506
690 ## - LOCAL SUBJECT ADDED ENTRY--TOPICAL TERM (OCLC, RLIN)
Topical term or geographic name as entry element MANAGEMENT-HEALTH AND SAFETY-HEALTH AND SAFETY RISK MANAGEMENT-HEALTH AND SAFETY RISK PLANNING
942 ## - ADDED ENTRY ELEMENTS (KOHA)
Suppress in OPAC 0
Holdings
Withdrawn status Lost status Source of classification or shelving scheme Damaged status Not for loan Home library Current library Shelving location Date acquired Total Checkouts Full call number Barcode Date last seen Copy number Price effective from Koha item type
    Dewey Decimal Classification     London London Journal article 22/05/2006   L133587 133587-1001 06/08/2019 1 06/08/2019 Journal article